Surveying Vol-I (Record no. 280278)

MARC details
000 -LEADER
fixed length control field 00434nam a2200181Ia 4500
005 - DATE AND TIME OF LATEST TRANSACTION
control field 20240627145553.0
008 - FIXED-LENGTH DATA ELEMENTS--GENERAL INFORMATION
fixed length control field 240126s9999 xx 000 0 und d
020 ## - INTERNATIONAL STANDARD BOOK NUMBER
International Standard Book Number 9781259028991
082 ## - DEWEY DECIMAL CLASSIFICATION NUMBER
Classification number 526.9 DUG;1
100 ## - MAIN ENTRY--PERSONAL NAME
Personal name Duggal, S K.
245 #0 - TITLE STATEMENT
Title Surveying Vol-I
250 ## - EDITION STATEMENT
Edition statement 4th ed.
260 ## - PUBLICATION, DISTRIBUTION, ETC. (IMPRINT)
Name of publisher, distributor, etc. Mcgraw Hill Education
Place of publication, distribution, etc. New Delhi
Date of publication, distribution, etc. 2013
300 ## - PHYSICAL DESCRIPTION
Extent xx, 625
440 ## - SERIES STATEMENT/ADDED ENTRY--TITLE
Title NULL
650 ## - SUBJECT ADDED ENTRY--TOPICAL TERM
Topical term or geographic name as entry element Surveying,Vol-I
942 ## - ADDED ENTRY ELEMENTS (KOHA)
Koha item type PESU Books
Holdings
Date last seen Total Checkouts Full call number Accession number Old discount Volume/Issue Number Cost, replacement price Price effective from Category Lost status Damaged status Department Withdrawn status bill no. Permanent Location Current Location Shelving location Entry date Vendor Cost, normal purchase price Grants Currency symbol Conversion rate Discount Discount type
26/01/2024   526.9 DUG;1 PU6605 25 (05/07/1905) 371.25 26/01/2024 PESU Books         MBH43-2016-17 Central Library Central Library   06/02/2017 Maruthi Book House 495.00 Civil RS 1 123.75 Rupees
26/01/2024   526.9 DUG;2 PU6606 25 (05/07/1905) 371.25 26/01/2024 PESU Books         MBH43-2016-17 Central Library Central Library Central Library 06/02/2017 Maruthi Book House 495.00 Civil RS 1 123.75 Rupees
26/01/2024   526.9 DUG;3 R PU6607 25 (05/07/1905) 371.25 26/01/2024 PESU Books     Central Library   MBH43-2016-17 Central Library Central Library Central Library 06/02/2017 Maruthi Book House 495.00 Civil RS 1 123.75 Rupees
26/01/2024   526.9 DUG;4 R1 PU6608 25 (05/07/1905) 371.25 26/01/2024 PESU Books     Central Library   MBH43-2016-17 Central Library Central Library Central Library 06/02/2017 Maruthi Book House 495.00 Civil RS 1 123.75 Rupees
26/01/2024   526.9 DUG;5 PU6609 25 (05/07/1905) 371.25 26/01/2024 PESU Books     Central Library   MBH43-2016-17 Central Library Central Library Central Library 06/02/2017 Maruthi Book House 495.00 Civil RS 1 123.75 Rupees
26/01/2024   526.9 DUG;6 PU6610 25 (05/07/1905) 371.25 26/01/2024 PESU Books     Central Library   MBH43-2016-17 Central Library Central Library Central Library 06/02/2017 Maruthi Book House 495.00 Civil RS 1 123.75 Rupees
26/01/2024   526.9 DUG;7 PU6611 25 (05/07/1905) 371.25 26/01/2024 PESU Books     Central Library   MBH43-2016-17 Central Library Central Library Central Library 06/02/2017 Maruthi Book House 495.00 Civil RS 1 123.75 Rupees

© For any Suggestions or Query, please contact the library staff @ librarian@pes.edu or Phone: +9180 2672 1983/ 2108.